Warframe I All melee weapons - Statistics

General Stats
  • This quiz has been taken 26 times
  • The average score is 78 of 221
Answer Stats
Hint Answer % Correct
Nikana
83%
Bo
78%
Skana
78%
Dual Nikanas Sun & Moon
78%
Sword Broken War
72%
Exalted Blade
72%
Nikana Prime
72%
Assault Saw Ghoulsaw
67%
Glaive
67%
Hate
67%
Heat Sword
67%
Dragon Nikana
61%
Falcor
61%
Fragor
61%
Glaive Prime
61%
Machete
61%
Gunblade Redeemer
61%
War
61%
Bo Prime
56%
Fragor Prime
56%
Gunsen
56%
Gunsen Prime
56%
Hespar
56%
Silva & Aegis
56%
Skiajati
56%
Venka
56%
Fist Ankyros
50%
Glaive Cerata
50%
Rapier Destreza
50%
Destreza Prime
50%
Guandao
50%
Heat Dagger
50%
Kronen
50%
Kronen Prime
50%
Machete Wraith
50%
Magistar
50%
Obex
50%
Redeemer Prime
50%
Silva & Aegis Prime
50%
Tekko
50%
Tekko Prime
50%
Tipedo
50%
Tipedo Prime
50%
Xoris
50%
Ankyros Prime
44%
Argo & Vel
44%
Two-Handed Nikana Azothane
44%
Heavy Scythe Corufell
44%
Dual Swords | Heavy Blade Dark Split-Sword
44%
Dual Skana
44%
Galatine
44%
Guandao Prime
44%
Harmony
44%
Sparring Hirudo
44%
Kogake
44%
Nunchaku Ninkondi
44%
Ninkondi Prime
44%
Okina
44%
Okina Prime
44%
Paracesis
44%
Praedos
44%
Rakta Dark Dagger
44%
Skana Prime
44%
Stropha
44%
Syam
44%
Tatsu
44%
Tatsu Prime
44%
Venka Prime
44%
Dark Dagger
39%
Dark Sword
39%
Dorrclave
39%
Dual Heat Swords
39%
Dual Kamas
39%
Dual Daggers Ether Daggers
39%
Fang
39%
Fang Prime
39%
Galatine Prime
39%
Gram
39%
Gram Prime
39%
Halikar
39%
Halikar Wraith
39%
Kogake Prime
39%
Orthos
39%
Orthos Prime
39%
Pathocyst
39%
Prisma Machete
39%
Prisma Obex
39%
Prisma Skana
39%
Quassus
39%
Quassus Prime
39%
Reaper Prime
39%
Sibear
39%
Verdilac
39%
Volnus
39%
Sword and Shield Ack & Brunt
33%
Whip Atterax
33%
Tonfa Boltace
33%
Cadus
33%
Dagger Ceramic Dagger
33%
Blade and Whip Ceti Lacera
33%
Cobra & Crane
33%
Dakra Prime
33%
Nikana Dex Nikana
33%
Dual Ichor
33%
Dual Kamas Prime
33%
Dual Keres
33%
Ether Reaper
33%
Furax
33%
Furax Wraith
33%
Innodem
33%
Iron Staff
33%
Iron Staff Prime
33%
Kama
33%
Karyst
33%
Karyst Prime
33%
Lacera
33%
MK1-Bo
33%
MK1-Furax
33%
Ohma
33%
Pennant
33%
Prisma Ohma
33%
Sampotes
33%
Sancti Magistar
33%
Shaku
33%
Sheev
33%
Tenet Grigori
33%
Valkyr Talons
33%
Venato
33%
Volnus Prime
33%
Warfran Arum Spinosa
28%
Broken Scepter
28%
Caustacyst
28%
Cobra & Crane Prime
28%
Dex Dakra
28%
Dual Cleavers
28%
Dual Keres Prime
28%
Edun
28%
Ether Sword
28%
Exalted Prime Blade
28%
Galvacord
28%
Garuda Talons
28%
Claws Keratinos
28%
Kestrel
28%
Korrudo
28%
Lesion
28%
Mios
28%
Nami Skyla
28%
Nepheri
28%
Ruvox
28%
Scindo
28%
Scindo Prime
28%
Tenet Exec
28%
Vastilok
28%
Vericres
28%
Wolf Sledge
28%
Zenistar
28%
Staff Amphis
22%
Scythe Anku
22%
Hammer Arca Titron
22%
Cronus
22%
Exalted Weapons Desert Wind
22%
Dual Raza
22%
Dual Zoren
22%
Dual Zoren Prime
22%
Ekhein
22%
Jat Kusar
22%
Kreska
22%
Lecta
22%
Masseter
22%
Masseter Prime
22%
Nami Skyla Prime
22%
Nami Solo
22%
Orvius
22%
Prisma Dual Cleavers
22%
Pulmonars
22%
Pupacyst
22%
Ripkas
22%
Rumblejack
22%
Sarpa
22%
Secura Lecta
22%
Serro
22%
Sydon
22%
Telos Boltace
22%
Tenet Agendus
22%
Tenet Livia
22%
Valkyr Prime Talons
22%
Vaykor Sydon
22%
Cassowar
17%
Desert Wind Prime
17%
Dual Ether
17%
Endura
17%
Garuda Prime Talons
17%
Machete Gazal Machete
17%
Jat Kittag
17%
Kesheg
17%
Korumm
17%
Krohkur
17%
Mire
17%
Prova
17%
Prova Vandal
17%
Sarofang
17%
Scoliac
17%
Sigma & Octantis
17%
Twin Krohkur
17%
Polearm Amanata
11%
Diwata
11%
Diwata Prime
11%
Heliocor
11%
Jaw Sword
11%
Pangolin Prime
11%
Pangolin Sword
11%
Plasma Sword
11%
Shadow Claws
11%
Shadow Claws Prime
11%
Slaytra
11%
Synoid Heliocor
11%
Tonbo
11%
Twin Basolk
11%
Vitrica
11%
Kuva Shildeh
6%
No matching quizzes found
Score Distribution
Percent of People with Each Score
Percentile by Number Answered
Your Score History
You have not taken this quiz